Use of Modern Software Systems for Design and Realization of Prototype of Three-dimensional Model
Prehľad moderných softvérových systémov vhodných pre prototypový dizajn komplexných technických produktov, ako aj podporných častí výroby. Pozornosť sa venuje vlastnému návrhu zariadenia pre testovanie a kalibráciu bezkefových motorov. Výhody daného zariadenia.
Saved in:
| Main Author: | |
|---|---|
| Other Authors: | , , , |
| Format: | Book Chapter |
| Language: | English |
| Subjects: | |
| Tags: |
No Tags, Be the first to tag this record!
|
MARC
| LEADER | 00000naa a2200000 4500 | ||
|---|---|---|---|
| 001 | 0256228 | ||
| 005 | 20250424121612.9 | ||
| 041 | 0 | |a eng | |
| 044 | |a RS | ||
| 245 | 1 | 0 | |a Use of Modern Software Systems for Design and Realization of Prototype of Three-dimensional Model |c Naqibullah Daneshjo, Erika Dudáš-Pajerská, Zuzana Hajduová, Cristian DAn Stratyinski, Mirwajs Danishjoo |
| 520 | |a Prehľad moderných softvérových systémov vhodných pre prototypový dizajn komplexných technických produktov, ako aj podporných častí výroby. Pozornosť sa venuje vlastnému návrhu zariadenia pre testovanie a kalibráciu bezkefových motorov. Výhody daného zariadenia. | ||
| 610 | 2 | 0 | |a modelovanie |
| 610 | 2 | 0 | |a prototypy výrobkov |
| 610 | 2 | 0 | |a technológie informačné |
| 610 | 2 | 0 | |a technológie komunikačné |
| 610 | 2 | 0 | |a inžinierstvo softvérové |
| 610 | 2 | 0 | |a softvér |
| 100 | 1 | |a Daneshjo, Naqibullah, 1964- | |
| 700 | 1 | |a Dudáš-Pajerská, Erika, 1988- | |
| 700 | 1 | |a Hajduová, Zuzana, 1974- | |
| 700 | 1 | |a Stratyinski, Cristian Dan | |
| 700 | 1 | |a Danishjoo, Mirwajs | |